Statistiques concernant Drapeaux de pays n°2

Cliquez ici pour prendre le quiz!

Statistiques générales

  • Ce quiz a été pris 43,138 fois
  • Le résultat moyen est 15 sur 20

Statistiques - réponses

Answer % Correct
Allemagne
99%
Suisse
99%
Espagne
97%
Corée du Sud
94%
Argentine
92%
Finlande
91%
Turquie
89%
Danemark
80%
Inde
78%
Arabie Saoudite
78%
Chypre
75%
Ukraine
74%
Autriche
72%
Chili
70%
Islande
69%
Uruguay
68%
Viêt Nam
64%
Cambodge
60%
Thaïlande
58%
Taïwan
35%

Distribution des résultats

Percentile par nombre de réponses

% des personnes avec chaque résultat

Votre développement - résultats

Vous n’avez pas pris ce quiz